Προσδιορισμός διαλυμένων-διασκορπισμένων πετρελαϊκών υδρογονανθράκων στην παράκτια περιοχή της ανατολικής Λέσβου : πτυχιακή εργασία

Αποθηκεύτηκε σε:
Λεπτομέρειες βιβλιογραφικής εγγραφής
Κύριος συγγραφέας: Προβατά, Ευαγγελία
Συγγραφή απο Οργανισμό/Αρχή: Πανεπιστήμιο Αιγαίου. Σχολή Περιβάλλοντος. Τμήμα Περιβάλλοντος
Άλλοι συγγραφείς: Αγγελίδης, Μιχάλης (Εισηγητής διατριβής)
Μορφή: Thesis Βιβλίο
Γλώσσα:Greek
Δημοσίευση: Μυτιλήνη : Πανεπιστήμιο Αιγαίου, Τμήμα Περιβάλλοντος, 2000
Θέματα:
Διαθέσιμο Online:http://hdl.handle.net/11610/10185
Ετικέτες: Προσθήκη ετικέτας
Δεν υπάρχουν, Καταχωρήστε ετικέτα πρώτοι!

MARC

LEADER 00000cam a2200000 i 4500
001 1/12444
008 000922s2000 gre d
035 |l 10064212 
040 |a GR-MY-UA  |b gre  |e aacr 
041 0 |a gre 
082 0 |a 363.7382  |2 (22) 
100 1 |a Προβατά, Ευαγγελία. 
245 1 0 |a Προσδιορισμός διαλυμένων-διασκορπισμένων πετρελαϊκών υδρογονανθράκων στην παράκτια περιοχή της ανατολικής Λέσβου :  |b πτυχιακή εργασία /  |c Ευαγγελία Προβατά ; υπεύθυνος καθηγητής Μ. Ο. Αγγελίδης 
260 |a Μυτιλήνη :   |b Πανεπιστήμιο Αιγαίου, Τμήμα Περιβάλλοντος,   |c 2000 
300 |a 76 σ.;  |b πιν.;  |c 30 εκ. 
502 |a Πτυχιακή εργασία – Πανεπιστήμιο Αιγαίου, Λέσβος, 2000. 
504 |a Περιέχει βιβλιογραφία 
650 0 0 |a Oil spills  |z Greece  |z Lesbos Island. 
650 0 0 |a Oil pollution of the sea  |z Greece  |z Lesbos Island. 
650 0 0 |a Dissertations, Academic  |z Greece. 
700 1 |a Αγγελίδης, Μιχάλης.  |4 ths 
710 2 |a Πανεπιστήμιο Αιγαίου.   |b Σχολή Περιβάλλοντος.   |b Τμήμα Περιβάλλοντος. 
852 |a INST  |b LESVOS  |c DIATR  |e 20000922  |h 603  |p 005100027449  |q 005100027449  |t DIE  |y 23 
852 |a INST  |b LESVOS  |c DIATR  |e 20000922  |h 604  |p 005100027448  |q 005100027448  |t DIE  |y 23 
856 |u http://hdl.handle.net/11610/10185 
901 |a BIBL1-2000-3 
909 |a Λ  |b 081059 
909 |a Λ  |b 081060 
924 |a ΠΡΟΒΑΤΑ  |b ΕΥΑΓΓΕΛΙΑ  |y ΛΕΣΒΟΣ  |z 2000-09 
970 |a ΚΑΜΑΤΣΟΥ  |b ΔΕΣΠΟΙΝΑ  |z 2000/09/22